[Event "Titled Tuesday intern op 14th May Late"]
[Site "Chess.com INT"]
[Date "2024.05.14"]
[Round "1"]
[White "Mkrtchyan, Mikayel"]
[Black "Sabatier, Mathis"]
[Result "1-0"]
[WhiteElo "2132"]
[BlackElo "2108"]
[PlyCount "101"]
[EventDate "2024.05.14"]
[EventType "swiss (blitz)"]
[EventRounds "11"]
[EventCountry "USA"]
[SourceTitle "CBM 220 Extra"]
[Source "ChessBase"]
[SourceDate "2024.07.31"]
[SourceVersion "1"]
[SourceVersionDate "2024.07.31"]
[SourceQuality "1"]

1. e4 c5 2. Nf3 Nc6 3. b3 d6 4. Bb2 e5 5. Be2 g6 6. 0-0 Bg7 7. Re1 Nge7 8. c3 0-0 9. Na3 a6 10. d4 cxd4 11. cxd4 exd4 12. Nxd4 Nxd4 13. Bxd4 Bxd4 14. Qxd4 Nc6 15. Qd2 Be6 16. Nc4 d5 17. exd5 Bxd5 18. Rad1 Bxc4 19. Qb2 Qg5 20. Bxc4 Rad8 21. h3 Rxd1 22. Rxd1 Rd8 23. Rxd8+ Qxd8 24. Qe2 Qd7 25. Qe4 Qe7 26. Qf4 Qe1+ 27. Kh2 Qe7 28. Bd5 Nd8 29. h4 h5 30. g3 Kg7 31. Qd4+ Qf6 32. Qe3 b5 33. a4 bxa4 34. bxa4 Ne6 35. a5 Nd4 36. Bc4 Nf3+ 37. Kg2 Ne5 38. Be2 Nd7 39. Qa7 Qc6+ 40. Bf3 Qd6 41. Qb7 Nc5 42. Qb2+ Qf6 43. Qb4 Ne6 44. Qb6 Nd4 45. Bb7 Qe5 46. Qxa6 Nf5 47. Qb6 Qe2 48. Bf3 Qa2 49. a6 Qa1 50. a7 Nd4 51. a8Q 1-0

[Event "Titled Tuesday intern op 07th May Late"]
[Site "Chess.com INT"]
[Date "2024.05.07"]
[Round "7"]
[White "Casadio, Niccolo"]
[Black "Mkrtchyan, Mikayel"]
[Result "0-1"]
[WhiteElo "2305"]
[BlackElo "2132"]
[PlyCount "58"]
[EventDate "2024.05.07"]
[EventType "swiss (blitz)"]
[EventRounds "11"]
[EventCountry "USA"]
[SourceTitle "EXT 2025"]
[Source "ChessBase"]
[SourceDate "2024.10.14"]
[SourceVersion "1"]
[SourceVersionDate "2024.10.14"]
[SourceQuality "1"]

1. e4 d5 2. exd5 Nf6 3. d4 Nxd5 4. c4 Nb6 5. Nf3 g6 6. c5 Nd5 7. Bc4 Bg7 8. Nc3 Nxc3 9. bxc3 0-0 10. 0-0 b6 11. cxb6 axb6 12. Qb3 Nc6 13. Ng5 e6 14. Bd3 Bb7 15. Qc2 Ra5 16. Ne4 e5 17. Rd1 exd4 18. Bf4 dxc3 19. Rac1 Nd4 20. Qb1 Qa8 21. Nxc3 Bxg2 22. Bxc7 Rg5 23. f4 Bh3+ 24. Kf2 Rg2+ 25. Ke1 Nf3+ 26. Kf1 Nxh2+ 27. Ke1 Re8+ 28. Be4 Nf3+ 29. Kf1 Rh2# 0-1

[Event "Titled Tuesday intern op 07th May Late"]
[Site "Chess.com INT"]
[Date "2024.05.07"]
[Round "2"]
[White "Mkrtchyan, Mikayel"]
[Black "Petriashvili, Nikoloz"]
[Result "1-0"]
[WhiteElo "2132"]
[BlackElo "2475"]
[PlyCount "143"]
[EventDate "2024.05.07"]
[EventType "swiss (blitz)"]
[EventRounds "11"]
[EventCountry "USA"]
[SourceTitle "EXT 2025"]
[Source "ChessBase"]
[SourceDate "2024.10.14"]
[SourceVersion "1"]
[SourceVersionDate "2024.10.14"]
[SourceQuality "1"]

1. e4 g6 2. d4 Bg7 3. Nc3 d6 4. Nf3 a6 5. a4 Nf6 6. Be2 0-0 7. 0-0 Bg4 8. h3 Bxf3 9. Bxf3 Nc6 10. d5 Ne5 11. Be2 c6 12. Be3 cxd5 13. exd5 Rc8 14. a5 Nc4 15. Bxc4 Rxc4 16. Re1 Qd7 17. Qd3 Rfc8 18. Re2 Qe8 19. Bb6 Nd7 20. Rae1 Be5 21. Ne4 Nxb6 22. axb6 Qb5 23. c3 Qxb6 24. Ng5 Bf6 25. Ne4 Be5 26. Nd2 Rf4 27. g3 Ra4 28. Kg2 Qxb2 29. Nc4 Qxe2 30. Rxe2 Raxc4 31. Qb1 b5 32. Ra2 Ra8 33. h4 Rxc3 34. h5 Kg7 35. Qb4 Rc4 36. Qd2 Rcc8 37. h6+ Kg8 38. Qa5 Rab8 39. Qb4 Rc4 40. Qb3 Rc3 41. Qb4 Rc4 42. Qb3 Rb6 43. Rc2 Rxc2 44. Qxc2 Rb8 45. Qc7 Re8 46. Qc6 Kf8 47. Qxa6 b4 48. Qb7 Bc3 49. f4 f5 50. Kf3 Kf7 51. g4 fxg4+ 52. Kxg4 Kf6 53. Qd7 Kf7 54. f5 b3 55. Qe6+ Kf8 56. fxg6 hxg6 57. h7 Kg7 58. Qd7 Rh8 59. Qxe7+ Kh6 60. Qh4+ Kg7 61. Qe7+ Kh6 62. Qe3+ Kg7 63. Qxc3+ Kxh7 64. Qxb3 Rf8 65. Qb7+ Kg8 66. Qe7 Rf5 67. Qxd6 Kg7 68. Qe6 Rf6 69. Qe5 Kf7 70. d6 Re6 71. Qd5 Kf6 72. d7 1-0